Exploraciones y viajes en el mundo antiguo / Juan Maluquer de Motes
Descripción Física:
182 p. , map. ; 17 cm
Colección:
Saber es poder ; 11
Materias:
Història antiga
MARC
| LEADER | 00000nam a2200000Ia 4500 | ||
|---|---|---|---|
| 001 | 17347 | ||
| 008 | 160829s1950 xx 000 0 cat d | ||
| 080 | |a H-2-329 | ||
| 100 | 1 | |a Maluquer de Motes, Joan, |d 1915-1988 |9 30020 | |
| 245 | |a Exploraciones y viajes en el mundo antiguo / Juan Maluquer de Motes | ||
| 260 | |a Sant Cugat del Vallés : |b Instituto Transoceánico Ediciones, |c 1950 | ||
| 300 | |a 182 p. , map. ; |c 17 cm | ||
| 490 | |a Saber es poder ; 11 | ||
| 590 | |a Índex. | ||
| 590 | |a Prové de R-168. | ||
| 650 | |a Història antiga |9 46632 | ||
| 901 | |a Arxiu | ||
| 942 | |n 1 | ||
| 952 | |0 0 |1 0 |4 0 |6 H2329 |7 1 |9 53338 |a Arxiu |b Arxiu |d 2016-12-01 |l 0 |o H-2-329 |p 17347 |r 2016-12-01 00:00:00 |w 2016-12-01 |y ARXIU | ||
| 999 | |c 57203 |d 57203 | ||